| 000 | 00593nam a2200157 a 4500 | ||
|---|---|---|---|
| 001 | 000038282 | ||
| 005 | 20201002031221.0 | ||
| 008 | 130408s2003 dr 000 0 spa d | ||
| 040 |
_aDO-SdBNP _bspa _cBNPHU |
||
| 100 | 1 |
_aVillegas Quintero, Efrain _93211 |
|
| 245 | 1 | 3 |
_aEl origen de todo lo que existe / _cEfrain Villegas Quintero ; prólogo Ricardo E. Velásquez Miguel. |
| 260 |
_aSanto Domingo : _bIrmgard Radefeldt Villegas, _c2003. |
||
| 300 |
_a259 p. ; _c21 cm. |
||
| 500 | _aIncluye datos biográficos del autor en solapa de la cubierta | ||
| 700 | 1 |
_aVelásquez Miguel, Ricardo E. _964652 |
|
| 999 |
_c37772 _d37772 |
||